Регионална библиотека "Любен Каравелов" - Русе

Перспективни лекарствени растения (Запис номер 57333)

MARC детайли
000 -Лидер
Контролно поле с фиксирана дължина 01362nam a2200313 c 4500
003 - Код на организацията, давaща контролен номер
Контролно поле BLK
005 - Дата и час на последна редакция
Контролно поле 20220525124152.0
008 - Елементи от данни с фиксирана дължина
fixed length control field 180408b bul|||||r ||||||| ||bul||
010 ## - Наследен системен номер
LC control number KNG00061330000
040 ## - Източник на каталожния запис
Идентификатор на билиотеката - собственик на записа BLK
041 ## - Код за език
Код за езика на текст/звукозапис или на отделно заглавие Български
Код за езика КДБФ Български
080 ## - УДК
Текстов определител УДК Лекарствени растения
УДК код - определител по УДК 633.88
УДК определител (035)
УДК - код + определител 633.88(035)
139 ## - Редно поле
Редна дума Перспективни лекарствени растения
Авторски знак Пер - П 37
245 10 - Сведения за заглавието
Заглавие Перспективни лекарствени растения
Подзаглавни данни Ръководство
Редно поле (дума) науч. ред. Никола Астаджов.
257 ## - Страна на издаване
Страна на създаване/издаване България
260 ## - Област на издателските данни
Име на издателя, разпространителя и проч. Христо Г. Данов
Година на издаване 1980
Място на издаване, разпространение и проч. Пловдив
300 ## - Физическа характеристика
Страници 171 с.
Илюстрации и др. със сн. и табл.
Размери/Мащаб 20 см
380 ## - Жанр
Жанр Селско стопанство
500 ## - Общи забележки
Забележка Други авт. : Й. Димитров, Ст. Цачев, Т. Денева, Г. Джурмански, Ср. Златев, М. Тодоров, Г. Паскалев<br/>5 100 тир<br/>Библиогр. с. 164-166
650 #4 - Допълнително описание по предмет – тема
Основно описание – тема или топоним Медицински растения - наръчници и ръководства
9 (RLIN) 251135
653 ## - Ключова дума – ненормативна
Ключова дума медицински растения
653 ## - Ключова дума – ненормативна
Ключова дума фитотерапия
700 1# - Други автори (авторска отговорност)
Лично име Астаджов, Никола
Автороска отговорност (Описва отношението между автора и произведението) науч. ред.
9 (RLIN) 34065
852 ## - Местоположение
Форматна сигнатура Цб 103742
Фондова буква Хранилище
856 4# - Електронен адрес и достъп
Електронен формат pdf - файл
856 4# - Електронен адрес и достъп
Електронен формат pdf - файл
999 ## - СИСТЕМНИ КОНТРОЛНИ НОМЕРА
Koha biblionumber 57333
Koha biblioitemnumber 57333
942 ## - АРТИКУЛИ
Вид на библиотечния материал Книги
Скрит в OPAC Не
Периодичен библиозапис Да
944 ## - СЪЗДАВАНЕ И РЕДАКЦИЯ на ЗАПИСА
Създаване/Редакция Създаване
Дата на регистрацията/редакция 13.06.2004
Служител, извършил регистрацията/редакцията Читалня
944 ## - СЪЗДАВАНЕ И РЕДАКЦИЯ на ЗАПИСА
Създаване/Редакция Редакция
Дата на регистрацията/редакция 04.09.2015
944 ## - СЪЗДАВАНЕ И РЕДАКЦИЯ на ЗАПИСА
Създаване/Редакция Редакция
Дата на регистрацията/редакция 2022-05-25
999 ## - СИСТЕМНИ КОНТРОЛНИ НОМЕРА
Koha biblioitemnumber 57333
Наличности
Код за отписване Код за изгубен артикул Източник на класификационната схема Код за повреда Коз за рестрикции Код за отдаване Артикулен № Име на библиотеката - собственик Име на библиотеката, в която се намира в момента Статус (Текущо местоположение) Дата на вписване в системата Местоположение - отдел Цена в лева Инвентарен номер Систематично азбучна сигнатура Баркод Номер на екземпляра Цена в евро Служебна бележка Служебен тип на артикула
Изтеглен Не е изгубен Universal Decimal Classification Не е повреден без рестрикции ползва се в читалня 92735 Регионална библиотека "Любен Каравелов" Русе Регионална библиотека "Любен Каравелов" Русе Читалня 1993-01-01 Читалня 0.80 306508 Ч 633/П 37 306508 1 0.41 Дата инв: 20.03.2017 Бележки инв: Ч2017 Книги
  Не е изгубен Universal Decimal Classification Не е повреден без рестрикции ползва се в читалня 92736 Регионална библиотека "Любен Каравелов" Русе Регионална библиотека "Любен Каравелов" Русе Хранилище 1980-01-01 Хранилище 0.80 305303 Цб 103742 120000305303 2 0.41 Дост: Dp Вид: Сф Дата: 01.01.1980 Книги
Vip Innovations Ltd, Rousse, Bulgaria 2025